000 01663cam a22004574i 4500
003 PE-LiUPU
005 20250731173321.0
008 150625s r 000 0 d
020 _a8425423422
035 _a(Sirsi) i9788425423420
040 _aPE-LiUPU
_bspa
_cPE-LiUPU
_erda
049 _aPRUA
082 0 4 _a232
_bK46
_221
100 1 _aKessler, Hans,
_eautor.
245 1 0 _aManual de cristología /
_cHans Kessler, traducido por Claudio Gancho y Marciano Villanueva.
264 1 _aBarcelona :
_bHerder,
_c2003.
300 _a245 páginas ;
_c21 centímetros
336 _atext
_2rdacontent
337 _aunmediated
_2rdamedia
338 _avolume
_2rdacarrier
504 _aIncluye bibliografía.
505 0 _aConceptos. -Lugar de la cristología. -Dificultades y posibilidades actuales. -Fundamentos bíblicos. -Desarrollo histórico del dogma. -Reflexión sistemática. .
526 _aSEG42
526 _aSEG41
526 _aSEG40
526 _aSEG39
526 _aP94
526 _aP87
526 _aP86
526 _aP85
526 _aP77
526 _aP76
526 _aP35
541 _g006-0034194;
650 0 4 _aCristología
_vManuales.
942 _2ddc
_cBOOK
949 _a232 K46
_wDEWEY
_c1
_i57532
_lCCODEBUL1
_mBUL
_p21.00
_r0
_sY
_tBOOK
_u2015-6-25
_xTEOLOGIA
_zUNKNOWN
_0COMPRA
_o.STAFF. Colección General
994 _aC0
_bPEPRU
596 _a1
999 _a232 K46
_wDEWEY
_c46563
_i57532
_f2021-11-9
_g5
_lCCODEBUL1
_mBUL
_p21.00
_r0
_sY
_tBOOK
_u2015-6-25
_xTEOLOGIA
_zUNKNOWN
_0COMPRA
_o.STAFF. Colección General
_d46563
980 _81
_gALBERTO SANCHEZ Responsable de Automatización